Una atmósfera de viaje /
Kaydedildi:
| Yazar: | |
|---|---|
| Materyal Türü: | Kitap |
| Dil: | Spanish |
| Baskı/Yayın Bilgisi: |
Maracaibo, Venezuela:
Dirección de Cultura de la Universidad de Zulia,
1991.
|
| Konular: | |
| Etiketler: |
Etiketle
Etiket eklenmemiş, İlk siz ekleyin!
|
MARC
| LEADER | 00000nam a22000007a 4500 | ||
|---|---|---|---|
| 008 | 180622b xxu||||| |||| 00| 0 spa d | ||
| 020 | |a 9802322768 | ||
| 041 | 0 | |a spa | |
| 082 | 0 | 4 | |a V863.44 |b S678a |
| 100 | 1 | |a Socorro, Milagros | |
| 245 | 1 | 4 | |a Una atmósfera de viaje / |c Milagros Socorro |
| 260 | 1 | |a Maracaibo, Venezuela: |b Dirección de Cultura de la Universidad de Zulia, |c 1991. | |
| 300 | |a 168 páginas | ||
| 500 | |a Donación Adriano Corrales | ||
| 500 | |a Obra ganadora de la "I Bienal Literaria Udón Pérez" premio de narrativa, 1990. | ||
| 650 | 0 | 4 | |a LITERATURA VENEZOLANA |v CUENTO |
| 942 | |2 ddc |c BK | ||
| 999 | |c 22049 |d 22049 | ||



